000 00390nam a2200157 i 4500
001 bg
100 1 _aPALCZEWSKI, Jan Bolesław
245 1 0 _aTechnologia lnu :
_bobróbka wstępna i czesanie.
260 _aWarszawa :
_bPWT,
_c1954.
650 9 _aLen
_xtechnologia
040 _cBPK
041 0 _apol
080 _a677.1:633.5
942 _cKS
008 s pl f |000 0 pol
999 _c35518
_d35518
856 _uhttp://koha.tu.koszalin.pl/cgi-bin/koha/opac-detail.pl?biblionumber=35518
_yKatalog online BPK